000 00518nam a22001577a 4500
082 _a621.31
_bUSM
100 _aUsman, Muhammad (450058)
_9132334
245 _aDevelopment of a Machine Learning-Based State of Health Estimation System for Lithium-Ion Batteries /
264 _aIslamabad :
_bUSPCAS-E, NUST
_cAugust, 2025
300 _axviii, 78 p.
_e+CD
520 _aTH-656
650 _aMS EEP Thesis
650 _aMS Thesis
_918721
700 _aSupervisor: Dr. Hassan Abdullah Khalid
_9117474
942 _2ddc
_cTHE
999 _c615554
_d615554